Powiaty w województwie lubelskim - nagła śmierć - Statystyki

Ogólne statystyki
  • Ten quiz został rozwiązany 99 razy
    97 od ostatniego zresetowania
  • Średni wynik to 15 z 20
Answers on the Grid
Answers color-coded by a green-red scale on the quiz's grid according to % correct below.
Biała Podlaska
bialski
biłgorajski
bocheński
brzozowski
Chełm
cieszyński
dębicki
dzierżoniowski
Gdańsk
gołdapski
hrubieszowski
janowski
jarociński
kętrzyński
Kielce
kolneński
kraśnicki
krasnostawski
kwidzyński
łęczyński
lubelski
lubartowski
Lublin
międzychodzki
mielecki
mławski
mrągowski
nyski
obornicki
opatowski
otwocki
parczewski
płoński
przasnyski
przemyski
puławski
radzyński
rycki
świdnicki
świecki
Toruń
Tychy
warszawski wschodni
włodawski
zamojski
Zamość
zgorzelecki
złotowski
Żory
 
Statystyki odpowiedzi
Odpowiedź % Poprawnych
Chełm
90%
Biała Podlaska
89%
lubelski
87%
Lublin
83%
biłgorajski
82%
bialski
78%
kraśnicki
78%
krasnostawski
77%
Zamość
76%
hrubieszowski
74%
puławski
74%
zamojski
74%
janowski
73%
lubartowski
73%
łęczyński
70%
parczewski
65%
radzyński
63%
rycki
63%
włodawski
62%
świdnicki
61%
Nie znaleziono quizów pasujących do podanych kryteriów
Rozkład punktacji
Procent ludzi z każdym wynikiem
Percentyl według liczby udzielonych odpowiedzi
Twoja historia wyników
Nie rozwiązałeś tego quizu od ostatniego zresetowania